根据歌词猜歌名 综合篇-1 - Statistics

General Stats
  • This quiz has been taken 13 times
  • The average score is 13 of 20
Answer Stats
歌词 歌名 % Correct
雪花飘飘 北风萧萧 天地一片苍茫 一剪梅
89%
他说风雨中 这点痛 算什么 擦干泪 不要问 为什么 水手
89%
红尘啊滚滚 痴痴啊情深 聚散终有时留一半清醒 留一半醉 至少梦里有你追随 潇洒走一回
78%
我的世界开始下雪 冷得让我无法多爱一天 吻别
78%
轻轻地我将离开你 请将眼角的泪拭去漫漫长夜里 未来日子里 亲爱的你别为我哭泣 大约在冬季
78%
如果深情往事 你已不再留恋 就让它 随风飘远 大海
78%
看铁蹄铮铮 踏遍万里河山我站在风口浪尖紧握住 日月旋转 向天再借五百年
67%
蓝蓝的天空 清清的湖水绿绿的草原 这是我的家 天堂
67%
浪奔 浪流 万里涛涛江水永不休淘尽了 世间事 混作滔滔一片潮流 上海滩
67%
人生短短几个秋啊不醉不罢休东边我的美人啊西边黄河流 爱江山更爱美人
67%
苍天笑 纷纷世上潮 谁负谁胜出 天知晓 沧海一声笑
67%
往事不要再提 人生已多风雨纵然记忆抹不去 爱与恨都还在心里 当爱已成往事
67%
所有真心真意 任它雨打风吹 付出的爱收不回 忘情水
67%
今天的你我 怎样重复昨天的故事这一张 旧船票 能否登上你的客船 涛声依旧
56%
你无怨无悔地爱着那个人我知道你根本没那么坚强 心太软
56%
逐草四方沙漠苍茫 哪惧雪霜扑面射雕引弓塞外奔驰 笑傲此生无厌倦 铁血丹心
56%
我匆匆地走入森林中 森林它一丛丛我找不到他的行踪 只看到那树摇风 南屏晚钟
56%
我站在 烈烈风中 恨不能 荡尽绵绵心痛望苍天 四方云动 剑在手 问天下谁是英雄 霸王别姬
44%
母亲总爱 描摹那大河浩荡奔流在 蒙古高原 我遥远的家乡 父亲的草原母亲的河
33%
日落向西来月向东 真情难填埋无情洞红尘来呀来 去呀去也空 红尘来去一场梦
22%
No matching quizzes found
Score Distribution
Percent of People with Each Score
Percentile by Number Answered
Your Score History
You have not taken this quiz